000 00704nam a2200217Ia 4500
003 GCL
005 20240530105353.0
008 140319s9999 xx 000 0 ara d
040 _aGCL /
_cGCL
082 0 4 _a301.24
_bع د
100 1 _aعلياء على شكرى
245 1 0 _aدراسات فى علم الاجتماع الاقتصادى والتنمية الاجتماعية /
_cعلياء على شكرى
260 _a[S.N] :
_bدار المعرفة الجامعية ،
_c1991
300 _a371
650 0 4 _aالاجتماع
700 1 _aمحمد الجوهرى
700 1 _aسعاد عثمان
700 1 _aعلى ليلة
700 1 _aفوزى عبدالرحمن
942 _2ddc
_cBK
999 _c55388
_d55388